[Event "DEN-ch sf4"]
[Site "Svendborg"]
[Date "2024.03.29"]
[Round "3"]
[White "Skytte, Robert"]
[Black "Agger, Lars Breinholt"]
[Result "0-1"]
[WhiteElo "1744"]
[BlackElo "1872"]
[PlyCount "60"]
[EventDate "2024.03.29"]
[EventType "swiss"]
[EventRounds "7"]
[EventCountry "DEN"]
[SourceTitle "CBM 219 Extra"]
[Source "ChessBase"]
[SourceDate "2024.05.31"]
[SourceVersion "1"]
[SourceVersionDate "2024.05.31"]
[SourceQuality "1"]

1. e4 d5 2. exd5 Qxd5 3. Nc3 Qa5 4. d4 c6 5. Bc4 Nf6 6. Nf3 Bg4 7. 0-0 e6 8. Be2 Bd6 9. Bd2 Qc7 10. Ne5 Bxe2 11. Qxe2 Nbd7 12. Bf4 a6 13. Nxd7 Qxd7 14. Bxd6 Qxd6 15. Qd3 0-0-0 16. Rad1 h5 17. Na4 h4 18. Nb6+ Kb8 19. Nc4 Qc7 20. Ne5 Nd5 21. g3 g5 22. c4 Nb6 23. Qb3 f6 24. Nf7 Qxf7 25. Qxb6 hxg3 26. fxg3 f5 27. Rd3 Qh5 28. Rf2 f4 29. Rb3 Qd1+ 30. Kg2 Rxh2+ 0-1

[Event "DEN-ch G5-2"]
[Site "Svendborg"]
[Date "2018.04.01"]
[Round "4"]
[White "Onisey, Mazen"]
[Black "Agger, Lars Breinholt"]
[Result "1-0"]
[WhiteElo "1671"]
[BlackElo "1824"]
[PlyCount "140"]
[EventDate "2018.03.29"]
[EventType "swiss"]
[EventRounds "5"]
[EventCountry "DEN"]
[SourceTitle "EXT 2019"]
[Source "ChessBase"]
[SourceDate "2018.10.10"]
[SourceVersion "1"]
[SourceVersionDate "2018.10.10"]
[SourceQuality "1"]

1. e4 c5 2. Nf3 d6 3. g3 Nc6 4. Bg2 g6 5. 0-0 Bg7 6. Nc3 Rb8 7. Nd5 e6 8. Nc3 b5 9. Ne2 Nge7 10. d4 cxd4 11. Nfxd4 Nxd4 12. Nxd4 0-0 13. Bg5 f6 14. Be3 Qc7 15. c3 e5 16. Nc2 Be6 17. Nb4 Rbd8 18. Nd5 Nxd5 19. exd5 Bd7 20. Qd2 Rf7 21. f4 Rdf8 22. Rac1 a5 23. fxe5 fxe5 24. Rxf7 Rxf7 25. b3 Qc8 26. c4 b4 27. c5 Qc7 28. c6 Bc8 29. Rf1 Bf6 30. Qf2 Bd8 31. Qe2 Rxf1+ 32. Qxf1 Qf7 33. Qc4 Qc7 34. Bf3 Kg7 35. h4 Qf7 36. Bg4 Bxg4 37. Qxg4 Qf5 38. Qxf5 gxf5 39. Bg5 Bc7 40. h5 Kf7 41. Kf2 Ke8 42. Ke2 Bd8 43. Be3 Bc7 44. Kd3 Kd8 45. g4 fxg4 46. Ke4 Ke7 47. Kf5 Kf7 48. Kxg4 Bd8 49. Bg5 Bb6 50. Kf5 Bc7 51. Ke4 Ke8 52. Kd3 Bd8 53. Be3 Bc7 54. Ke4 Bd8 55. Kf5 Kf7 56. Ke4 Ke8 57. Kd3 Bc7 58. Bg5 Bd8 59. Be3 Bc7 60. Kc4 Kd8 61. Kb5 Kc8 62. Ka6 Bd8 63. Bc1 Kb8 64. a3 a4 65. axb4 axb3 66. Kb5 Bg5 67. Bb2 e4 68. Kc4 Bf6 69. Kxb3 Bxb2 70. Kxb2 e3 1-0

[Event "DEN-ch G5-2"]
[Site "Svendborg"]
[Date "2018.03.31"]
[Round "3"]
[White "Agger, Lars Breinholt"]
[Black "Vejlstrup, Dennis"]
[Result "1-0"]
[WhiteElo "1824"]
[BlackElo "1533"]
[PlyCount "63"]
[EventDate "2018.03.29"]
[EventType "swiss"]
[EventRounds "5"]
[EventCountry "DEN"]
[SourceTitle "EXT 2019"]
[Source "ChessBase"]
[SourceDate "2018.10.10"]
[SourceVersion "1"]
[SourceVersionDate "2018.10.10"]
[SourceQuality "1"]

1. e4 c5 2. Nf3 Nc6 3. d4 cxd4 4. Nxd4 a6 5. Be3 Nf6 6. Nc3 e5 7. Nf5 Qc7 8. Bg5 d6 9. Ne3 Qa5 10. Nc4 Qd8 11. Nd5 Be6 12. Ncb6 Rb8 13. c3 h6 14. Bxf6 gxf6 15. Qf3 Be7 16. Qh5 Bf8 17. Bc4 Rg8 18. Nc7+ Qxc7 19. Bxe6 Rg5 20. Bd7+ Kd8 21. Qxf7 Qxb6 22. Bxc6 Qxc6 23. Qxf8+ Kc7 24. Qe7+ Kb6 25. 0-0-0 Ka7 26. Rxd6 Qxe4 27. Rhd1 Qf4+ 28. Kb1 Rxg2 29. Rxa6+ Kxa6 30. Qa3+ Kb6 31. Rd6+ Kc7 32. Qc5# 1-0

[Event "DEN-ch B5 Gr1"]
[Site "Koge"]
[Date "2004.04.??"]
[Round "1"]
[White "Agger, Lars Breinholt"]
[Black "Petersen, Per F"]
[Result "0-1"]
[WhiteElo "1785"]
[BlackElo "1886"]
[PlyCount "52"]
[EventDate "2004.04.08"]
[EventType "swiss"]
[EventRounds "5"]
[EventCountry "DEN"]
[SourceTitle "EXT 2023"]
[Source "ChessBase"]
[SourceDate "2022.10.05"]
[SourceVersion "1"]
[SourceVersionDate "2022.10.05"]
[SourceQuality "1"]

1. e4 c5 2. Nf3 d6 3. d4 cxd4 4. Nxd4 Nf6 5. Nc3 g6 6. f3 Bg7 7. Be3 Nc6 8. Qd2 0-0 9. 0-0-0 d5 10. Nxc6 bxc6 11. e5 Nd7 12. f4 e6 13. g4 Qa5 14. Kb1 Re8 15. h4 Bf8 16. Qh2 Rb8 17. Bd2 Bb4 18. Qh3 Nc5 19. h5 g5 20. fxg5 d4 21. g6 Bxc3 22. gxf7+ Kxf7 23. Qf3+ Kg8 24. Bxc3 dxc3 25. Qf6 Rxb2+ 26. Kc1 Rb1+ 0-1